000 00389nam a2200157Ia 4500
008 221030s9999 xx 000 0 und d
020 _a8170298245
041 _aEnglish
082 _a105.23
_bECA
100 _aECA / BPB
245 0 _aUpto Date Diodes Data & Comparison Tables
_cby ECA / BPB
260 _bBPB Pub
_aNew Delhi
_c1988
300 _a517
650 _aBE Computer
942 _cBK
999 _c711
_d711